Hansel and Gretel (Record no. 347)

MARC details
000 -LEADER
fixed length control field 00540nam a22002177a 4500
001 - CONTROL NUMBER
control field 347
003 - CONTROL NUMBER IDENTIFIER
control field FISKH
005 - DATE AND TIME OF LATEST TRANSACTION
control field 20250818161823.0
008 - FIXED-LENGTH DATA ELEMENTS--GENERAL INFORMATION
fixed length control field 230328b cb ||||| |||| 00| 0 eng d
040 ## - CATALOGING SOURCE
Original cataloging agency FISKH
Language of cataloging eng
Transcribing agency FISKH
Modifying agency FISKH
082 ## - DEWEY DECIMAL CLASSIFICATION NUMBER
Classification number 398.2
100 ## - MAIN ENTRY--PERSONAL NAME
Personal name Anderson, Helen
245 ## - TITLE STATEMENT
Title Hansel and Gretel
260 ## - PUBLICATION, DISTRIBUTION, ETC.
Place of publication, distribution, etc. Hertfordshire :
Name of publisher, distributor, etc. Make Believe Ideas ltd.
Date of publication, distribution, etc. 2015.
300 ## - PHYSICAL DESCRIPTION
Extent 16 leaves of plates.
Dimensions 18 cm.
505 ## - FORMATTED CONTENTS NOTE
Formatted contents note G
521 8# - TARGET AUDIENCE NOTE
Target audience note 500 <br/>
Source Lexile
521 8# - TARGET AUDIENCE NOTE
Target audience note G <br/>
Source Raz-Plus
650 ## - SUBJECT ADDED ENTRY--TOPICAL TERM
Topical term or geographic name entry element fairy tales
942 ## - ADDED ENTRY ELEMENTS (KOHA)
Source of classification or shelving scheme Dewey Decimal Classification
Koha item type Books
Suppress in OPAC No
Holdings
Withdrawn status Lost status Source of classification or shelving scheme Damaged status Not for loan Collection Home library Current library Shelving location Date acquired Total Checkouts Full call number Barcode Date last seen Date last checked out Copy number Price effective from Koha item type
    Dewey Decimal Classification     Juvenile Fiction Footprints International School Library Network Toul Kork Campus Footprints International School Library Network Toul Kork Campus TK Primary Library Room(4th Floor), Bookcase 7, Shelves 57-60, Dark Green Books 08/18/2025 6 AND 398.2 PZ7 2023-0067 03/18/2026 03/11/2026 1 08/18/2025 Books
    Dewey Decimal Classification     Juvenile Fiction Footprints International School Library Network Toul Kork Campus Footprints International School Library Network Toul Kork Campus TK Primary Library Room(4th Floor), Bookcase 7, Shelves 57-60, Dark Green Books 08/18/2025   AND 398.2 PZ7 FISTKKA005 08/18/2025   2 08/18/2025 Books